Statistics for Highest Goalscorers in International Football for Belgium

Click here to take the quiz!

General Stats

  • This quiz has been taken 76 times
  • The average score is 7 of 22

Answer Stats

#GoalsCapsYearsAnswer% Correct
1681012010-Romelu Lukaku
100%
2331162008-Edin Hazard
98%
1123882010-Kevin de Bruyne
90%
15211032011-Dries Mertens
68%
2218872007-2018Marouane Fellaini-Bakkioui
48%
1322392015-Michy Batshuayi
46%
528701990-2002Marc Wilmots
44%
1223961977-1991Jan Ceulemans
40%
2118841984-1998Enzo Scifo
38%
430811960-1974Paul van Himst
33%
924552001-2010Wesley Sonck
29%
1919571998-2009Emile Mpenza
25%
1023631984-1996Marc Degryse
19%
1620481979-1991Erwin Vandenbergh
14%
1421471949-1959Rik Coppens
13%
330611928-1940Bernard Voorhoof
6%
627561945-1956Joseph Mermans
5%
2018331966-1977Raoul Lambert
3%
826541925-1939Raymond Braine
3%
1620481947-1954Léopold Anoul
2%
726231906-1913Robert de Veen
2%
1819341931-1939Jean Capelle
0%

Score Distribution

Percentile by Number Answered

Percent of People with Each Score

Your Score History

You have not taken this quiz